The Misson (Record no. 3942)

MARC details
000 -LEADER
fixed length control field 00383nam a22001697a 4500
005 - DATE AND TIME OF LATEST TRANSACTION
control field 20160625104150.0
008 - FIXED-LENGTH DATA ELEMENTS--GENERAL INFORMATION
fixed length control field 160625b xxu||||| |||| 00| 0 eng d
020 ## - INTERNATIONAL STANDARD BOOK NUMBER
ISBN 81-229-0195-6
041 ## - LANGUAGE CODE
Language code of text/sound track or separate title eng
082 ## - DEWEY DECIMAL CLASSIFICATION NUMBER
Item number 10127
100 ## - MAIN ENTRY--AUTHOR NAME
Personal name Alkins, Joseph B
245 ## - TITLE STATEMENT
Title The Misson
260 ## - PUBLICATION, DISTRIBUTION, ETC. (IMPRINT)
Name of publisher Surjeet
Year of publication 2005
300 ## - PHYSICAL DESCRIPTION
Number of Pages 232
650 ## - SUBJECT ADDED ENTRY--TOPICAL TERM
Topical Term Mass Communication
942 ## - ADDED ENTRY ELEMENTS (KOHA)
Koha item type Books
Holdings
Lost status Damaged status Home library Current library Shelving location Date acquired Cost, normal purchase price Full call number Accession Number Koha item type
    JRU Library   SHELF-31-I 25/06/2016 250.00 10127 10127 Books
    JRU Library   SHELF-31-I 25/06/2016 250.00 10127 10128 Books
    JRU Library   SHELF-32-I 25/06/2016 250.00 10127 10129 Books
    JRU Library   SHELF-32-I 25/06/2016 250.00 10127 10130 Books
    JRU Library   SHELF-32-I 25/06/2016 250.00 10127 10131 Books